000 00646nam a2200229 a 4500
008
020 _a0130590142
049 _aMAIN
090 _aHB139
100 1 _aAigner, Dennis J.
245 1 0 _aBasic econometrics/
_cDennis J. Aigner.
260 _aEnglewood Cliffs, N.J.:
_bPrentice-Hall,
_c1971.
300 _axv, 298 p.
_bill.
_c24 cm.
440 0 _aPrentice-Hall series in mathematical economics
500 _aIncludes index.
650 0 _aEconometrics.
907 _a.b10036453
_b23-06-03
_c17-04-03
003
005 20230123133200.0
040 _cNUST
942 _cBOOKS
_kHB139
999 _c144145
_d144145